[Event "3rd Ordu Open 2017"]
[Site "Ordu TUR"]
[Date "2017.04.05"]
[Round "2.18"]
[White "Peker,Serdar"]
[Black "Tanriverdi,Enes"]
[Result "0-1"]
[WhiteElo "1764"]
[BlackElo "2122"]

1.e4 c5 2.Nf3 e6 3.d4 cxd4 4.Nxd4 Nc6 5.Nb5 d6 6.Bf4 e5 7.Be3 Nf6 8.Bg5 Be6
9.N1c3 a6 10.Bxf6 gxf6 11.Na3 b5 12.Nd5 Bg7 13.c3 O-O 14.Nc2 f5 15.exf5 Bxf5
16.Nce3 Be6 17.g4 Kh8 18.Bd3 Ne7 19.Nxe7 Qxe7 20.Qf3 Rad8 21.Nf5 Bxf5 22.Bxf5
h6 23.h4 e4 24.Qe3 d5 25.Kf1 Qe5 26.Rd1 Rg8 27.h5 b4 28.Rh3 bxc3 29.bxc3 Rb8
30.Rd2 Rb1+ 31.Kg2 Rgb8 32.Bd7 R8b6 33.Qc5 Rb8 34.Rxd5 Qf4 35.Bc8 Qf6 36.Qc7
Bf8 37.Rf5 Qb6 38.Rxf7 Qxc7 39.Rxc7 Re1 40.Rh1 Re2 41.Bxa6 Rxa2 42.Rc8 Rxc8
43.Bxc8 Bc5 44.Rf1 e3 45.Kf3 exf2 46.Be6 Ra3 47.Rc1 Rxc3+ 48.Rxc3 f1=Q+ {#R}
0-1

[Event "3rd Ordu Open 2017"]
[Site "Ordu TUR"]
[Date "2017.04.05"]
[Round "2.19"]
[White "Tasdogen,Dincer"]
[Black "Ozsac,Samet Harun"]
[Result "1-0"]
[WhiteElo "2110"]
[BlackElo "1539"]

1.e4 c5 2.Ne2 g6 3.c4 Nc6 4.d4 cxd4 5.Nxd4 Nf6 6.Nc3 Nxd4 7.Qxd4 Bg7 8.e5 Ng8
9.Bf4 Qa5 10.O-O-O d6 11.Qd5 Qxd5 12.Nxd5 Kd8 13.exd6 exd6 14.Bxd6 Bd7 15.Be2
Rc8 16.Rhe1 Nh6 17.Be7+ Ke8 18.Bf6 Kf8 19.Be7+ Ke8 20.Nf6+ Kxe7 21.Nxd7 f6
22.Bf3+ {#r} 1-0

[Event "3rd Ordu Open 2017"]
[Site "Ordu TUR"]
[Date "2017.04.05"]
[Round "2.20"]
[White "Demirtas,Hafize"]
[Black "Djavadov,R"]
[Result "0-1"]
[WhiteElo "1750"]
[BlackElo "2106"]

1.b3 Nf6 2.Bb2 c5 3.e3 Nc6 4.f4 d6 5.Nf3 Qc7 6.Bb5 a6 7.Bxc6+ Qxc6 8.d3 g6
9.Nbd2 Bg7 10.Ne4 O-O 11.Nxf6+ exf6 12.O-O d5 13.Qd2 Re8 14.Rae1 b5 15.c4 dxc4
16.dxc4 bxc4 17.bxc4 Be6 18.Qc3 Rab8 19.Nd2 Bf5 20.Rf3 Qa4 21.Nb3 Qc6 22.Nd2
Rbd8 23.e4 Bxe4 24.Nxe4 Rxe4 25.Rxe4 Qxe4 26.g4 Qe2 27.Rf2 Qxg4+ 28.Qg3 Rd1+
29.Kg2 Qf5 30.Qf3 Qb1 31.h3 h5 32.f5 Rg1+ 33.Kh2 Rg5 34.Rg2 Rxf5 35.Qc6 Rf1
36.Rd2 Bh6 37.Bxf6 Rxf6 38.Qxf6 Qb8+ 39.Rd6 Bf8 40.Qd8 Qxd6+ 41.Qxd6 Bxd6+
42.Kg2 {#R} 0-1

[Event "3rd Ordu Open 2017"]
[Site "Ordu TUR"]
[Date "2017.04.05"]
[Round "3.1"]
[White "Bajarani,U"]
[Black "Nabaty,T"]
[Result "1-0"]
[WhiteElo "2480"]
[BlackElo "2636"]

1.d4 d5 2.c4 e6 3.Nf3 Nf6 4.g3 dxc4 5.Bg2 c5 6.O-O Nc6 7.dxc5 Qxd1 8.Rxd1 Bxc5
9.Nbd2 c3 10.bxc3 O-O 11.Ne1 Rd8 12.Nd3 Be7 13.Rb1 Nd5 14.Bb2 Bd7 15.c4 Nb6
16.Ba1 Rab8 17.c5 Na4 18.Rdc1 Be8 19.Nb3 Rdc8 20.Nd4 Bf6 21.Nxc6 Bxc6 22.Bxf6
gxf6 23.Bxc6 bxc6 24.Rb3 e5 25.f3 f5 26.Nxe5 Rb5 27.Nxc6 Rxb3 28.axb3 Rxc6
29.bxa4 Kf8 30.Kf2 Ke7 31.Ke3 Re6+ 32.Kd3 Kd7 33.Rc4 Kc6 34.Rf4 Re5 35.g4 Rd5+
36.Ke3 Re5+ 37.Kf2 fxg4 38.fxg4 h5 39.Rf6+ Kxc5 40.Rf5 Rxf5+ 41.gxf5 Kb4 42.e4
Kc5 43.Ke3 f6 44.h4 a5 45.Kd3 {#r} 1-0

[Event "3rd Ordu Open 2017"]
[Site "Ordu TUR"]
[Date "2017.04.05"]
[Round "3.7"]
[White "Malakhatko,V"]
[Black "Bivol,A"]
[Result "1-0"]
[WhiteElo "2497"]
[BlackElo "2383"]

1.c4 Nf6 2.Nf3 g6 3.d4 Bg7 4.Nc3 d6 5.g3 O-O 6.Bg2 Nbd7 7.O-O e5 8.e4 exd4
9.Nxd4 Re8 10.Be3 Nc5 11.f3 a5 12.Ndb5 Qe7 13.Re1 Be6 14.Bxc5 dxc5 15.e5 Nh5
16.f4 Bxc4 17.Bxb7 Rab8 18.Qf3 Bxb5 19.Nxb5 c4 20.a4 Bf8 21.Kh1 Red8 22.Be4
Rd2 23.Re2 Rbd8 24.Nc3 Qb4 25.Rb1 Qb3 26.f5 Bh6 27.Rxd2 Bxd2 28.e6 Bxc3
29.bxc3 Qxa4 30.fxg6 fxg6 31.e7 {#r} 1-0

[Event "3rd Ordu Open 2017"]
[Site "Ordu TUR"]
[Date "2017.04.05"]
[Round "3.9"]
[White "Shanava,K"]
[Black "Frhat,A"]
[Result "1-0"]
[WhiteElo "2519"]
[BlackElo "2414"]

1.e4 c5 2.Nc3 Nc6 3.Nge2 Nf6 4.g3 d5 5.exd5 Nxd5 6.Bg2 Nxc3 7.Nxc3 h5 8.h3 e5
9.Bxc6+ bxc6 10.Qe2 Be6 11.b3 Qd7 12.Bb2 c4 13.Qxe5 Bd6 14.Qxg7 O-O-O 15.O-O-O
Bxh3 16.Ne4 Bc7 17.Qc3 cxb3 18.Nc5 Qf5 19.Rxh3 Qxh3 20.Qc4 Kb8 21.Bxh8 Rxh8
22.Qa6 Qc8 23.Qxc6 b2+ 24.Kb1 {#r} 1-0

[Event "3rd Ordu Open 2017"]
[Site "Ordu TUR"]
[Date "2017.04.05"]
[Round "3.10"]
[White "Djavadov,R"]
[Black "Quparadze,G"]
[Result "0-1"]
[WhiteElo "2106"]
[BlackElo "2520"]

1.d4 Nf6 2.c4 e6 3.Nf3 b6 4.a3 Ba6 5.Qa4 Bb7 6.Nc3 c5 7.dxc5 bxc5 8.Bg5 Be7
9.e3 O-O 10.Be2 h6 11.Bh4 Ne4 12.Bxe7 Qxe7 13.Nxe4 Bxe4 14.O-O Nc6 15.Nd2 Bg6
16.Bf3 Rab8 17.Bxc6 dxc6 18.Qxc6 Rb6 19.Qf3 Rxb2 20.Ne4 Qc7 21.Rfd1 Qe5 22.Ng3
Rfb8 23.h4 h5 24.Qf4 Qxf4 25.exf4 Rc2 26.Rac1 Rbb2 27.Rxc2 Rxc2 28.f5 exf5
29.Rd8+ Kh7 30.Rd5 f4 31.Nxh5 Rc1+ 32.Kh2 Rxc4 33.g3 fxg3+ 34.fxg3 Rc2+ 35.Kh3
Be4 36.Rg5 Bg2+ 37.Kg4 g6 38.Nf6+ Kg7 39.Ne8+ Kf8 40.Re5 Rc3 41.Kg5 Rxg3+
42.Kh6 Rg4 43.Nf6 Rxh4+ 44.Kg5 Rh8 45.Re3 {#R} 0-1

[Event "3rd Ordu Open 2017"]
[Site "Ordu TUR"]
[Date "2017.04.05"]
[Round "3.11"]
[White "Maghalashvili,Da"]
[Black "Tereladze,S"]
[Result "1-0"]
[WhiteElo "2469"]
[BlackElo "2141"]

1.Nf3 Nf6 2.c4 e6 3.g3 d5 4.Bg2 Nbd7 5.b3 b6 6.cxd5 exd5 7.O-O Bd6 8.Nc3 Bb7
9.d3 O-O 10.Nb5 Ne5 11.Nxe5 Bxe5 12.d4 Bd6 13.Nxd6 Qxd6 14.Bf4 Qe7 15.Rc1 c6
16.Re1 Rfe8 17.Rc2 a5 18.Qb1 Qb4 19.Rd1 Ne4 20.Qb2 a4 21.f3 axb3 22.Qxb3 Qxb3
23.axb3 Nf6 24.Kf2 h6 25.h4 Ra3 26.Rb1 Rea8 27.Rbb2 Ra1 28.Bc7 R8a6 29.Bh3 Rh1
30.Ra2 Rb1 31.Rxa6 Bxa6 32.Rxc6 Rxb3 33.Rxb6 Rxb6 34.Bxb6 Bb5 35.Bc8 Kf8
36.Bd8 Nd7 37.Bb7 Ke8 38.Bc7 Bc4 39.Bd6 h5 40.Bc6 Kd8 41.e4 dxe4 42.fxe4 Nf6
43.Ke3 Bb3 44.Kf4 Ba2 45.d5 g6 46.Bb4 Bb3 47.Ke5 Ng4+ 48.Kd6 Nf2 49.Ba5+ Kc8
50.Ke7 {#r} 1-0

[Event "3rd Ordu Open 2017"]
[Site "Ordu TUR"]
[Date "2017.04.05"]
[Round "3.14"]
[White "Manik,M"]
[Black "Turan,Asim"]
[Result "1-0"]
[WhiteElo "2415"]
[BlackElo "2040"]

1.e4 e5 2.Nf3 Nc6 3.Bb5 a6 4.Ba4 Nge7 5.c3 g6 6.d4 exd4 7.cxd4 b5 8.Bb3 Bg7
9.d5 Na5 10.Bd2 Nxb3 11.Qxb3 d6 12.Bc3 O-O 13.Bxg7 Kxg7 14.O-O Bb7 15.Nbd2 Qd7
16.Rac1 Rac8 17.Rfd1 h6 18.Nf1 Kh7 19.Qe3 f5 20.Qa7 fxe4 21.Ng5+ hxg5 22.Qxb7
Ng8 23.Qxa6 Nf6 24.Ne3 Nh5 25.Rc6 Nf4 26.Qxb5 Nd3 27.Rxd3 exd3 28.Qxd3 Qf7
29.Qc2 Rfe8 30.h3 Re7 31.b3 Qf6 32.Qc1 Rf7 33.Ng4 Qf5 34.Qd2 Ra8 35.Rc3 Qb1+
36.Kh2 Rxa2 37.Qxg5 Ra1 38.Qh6+ Kg8 39.Re3 Qf5 40.Re8+ Rf8 41.Rxf8+ Qxf8
42.Qxg6+ Kh8 43.Nf6 {#r} 1-0

[Event "3rd Ordu Open 2017"]
[Site "Ordu TUR"]
[Date "2017.04.05"]
[Round "3.15"]
[White "Eminov,O"]
[Black "Gokpinar,E"]
[Result "1-0"]
[WhiteElo "2229"]
[BlackElo "1984"]

1.e4 e6 2.Qe2 Be7 3.Nf3 d5 4.e5 c5 5.d3 Nc6 6.g3 f6 7.exf6 Bxf6 8.c3 Nge7 9.g4
Ng6 10.h4 O-O 11.h5 Nge5 12.Nxe5 {#r} 1-0

[Event "3rd Ordu Open 2017"]
[Site "Ordu TUR"]
[Date "2017.04.05"]
[Round "3.16"]
[White "Karaokcu,Erkin"]
[Black "Duran,Esma Doga"]
[Result "1-0"]
[WhiteElo "2173"]
[BlackElo "1847"]

1.c4 e5 2.g3 Nf6 3.Bg2 Nc6 4.Nc3 Bc5 5.a3 a5 6.e3 d6 7.Nge2 Bf5 8.d4 Ba7 9.O-O
O-O 10.d5 Ne7 11.h3 Bd7 12.Kh2 Ne8 13.b4 c6 14.Qb3 Rb8 15.Bd2 Bb6 16.Na4 cxd5
17.cxd5 f5 18.Rfb1 axb4 19.Nxb6 Qxb6 20.Bxb4 Nc7 21.f4 e4 22.Rd1 Ra8 23.Rd4
Ba4 24.Qb2 Na6 25.Rb1 Bd7 26.Qd2 Rab8 27.Rb2 Rfc8 28.Ba5 Qa7 29.Bb6 Qa8 30.g4
g6 31.a4 Nc5 32.a5 Nd3 33.Rxd3 exd3 34.Qxd3 Qa6 35.Qd4 Kf7 36.g5 Ng8 37.Qh8
Bb5 38.Qxh7+ Kf8 39.Nd4 {#r} 1-0

[Event "3rd Ordu Open 2017"]
[Site "Ordu TUR"]
[Date "2017.04.05"]
[Round "3.17"]
[White "Iyigun,Levent Burak"]
[Black "Karagollu,A"]
[Result "0-1"]
[WhiteElo "1464"]
[BlackElo "2103"]

1.e4 Nc6 2.d4 d5 3.e5 Bf5 4.c3 e6 5.Bd3 Nge7 6.Nf3 f6 7.exf6 gxf6 8.Be3 Qd7
9.Bxf5 Nxf5 10.Nbd2 Rg8 11.g3 O-O-O 12.Nb3 e5 13.Qe2 exd4 14.Nfxd4 Ncxd4
15.Nxd4 Nxe3 16.fxe3 Bh6 17.O-O Rde8 18.Nf5 Bf8 19.Rad1 Re5 20.Qd3 Bc5 21.Rf3
h5 22.h4 c6 23.Kh2 Bb6 24.Rdf1 Bc7 25.R1f2 Rg4 26.Rg2 Rge4 27.Qf1 Re8 28.Qe1
Kb8 29.Qf2 a6 30.Qf1 c5 31.Rd2 R8e5 32.Rg2 Qe8 33.Qf2 Qe6 34.Kg1 Rg4 35.Kh2
Ree4 36.Kg1 d4 37.exd4 Re1+ 38.Kh2 Qxf5 39.Qxe1 Qxf3 {#R} 0-1

[Event "3rd Ordu Open 2017"]
[Site "Ordu TUR"]
[Date "2017.04.05"]
[Round "3.18"]
[White "Bekiragaoglu,Umut"]
[Black "Dogan,N"]
[Result "0-1"]
[WhiteElo "1855"]
[BlackElo "2220"]

1.e4 c5 2.Nc3 a6 3.a4 d6 4.g3 g6 5.Bg2 Bg7 6.d3 Nc6 7.Be3 e6 8.Qd2 Nd4 9.Rc1
Qa5 10.f4 Ne7 11.Nf3 Bd7 12.Ra1 b5 13.Bxd4 cxd4 14.Ne2 Qxd2+ 15.Kxd2 bxa4
16.Nexd4 e5 17.fxe5 dxe5 18.Ne2 Rb8 19.Rhb1 O-O 20.Nc3 f5 21.Nxa4 fxe4 22.dxe4
Rb4 23.Nc3 Bg4 24.Ke3 Bh6+ 25.Kf2 Nc6 26.Ra3 Rc4 27.Ne2 Rxc2 28.Ke1 Nd4
29.Nexd4 Rxg2 30.Nxe5 {#R} 0-1

[Event "3rd Ordu Open 2017"]
[Site "Ordu TUR"]
[Date "2017.04.05"]
[Round "3.19"]
[White "Vural,Salih"]
[Black "Tinarlioglu,Emre"]
[Result "0-1"]
[WhiteElo "1536"]
[BlackElo "1804"]

1.e4 c5 2.Nf3 d6 3.d4 cxd4 4.Nxd4 Nf6 5.Nc3 a6 6.Be2 e6 7.Be3 Be7 8.f3 b5 9.a3
Bb7 10.Qd2 Nbd7 11.g4 Nb6 12.g5 Nfd7 13.f4 Nc5 14.Bd3 Nc4 15.Bxc4 bxc4 16.Qg2
Qb6 17.b4 cxb3 18.Nxb3 Rc8 19.Nxc5 dxc5 20.O-O O-O 21.Qf2 Qa5 22.Bd2 Qc7
23.Rab1 Rfd8 24.Be3 Ba8 25.Qh4 Qa5 26.Rb3 c4 27.Bb6 Bc5+ 28.Bxc5 Qxc5+ 29.Kg2
cxb3 {#R} 0-1

[Event "3rd Ordu Open 2017"]
[Site "Ordu TUR"]
[Date "2017.04.05"]
[Round "3.20"]
[White "Aydin,H"]
[Black "Shaikhani,Moujahed"]
[Result "0-1"]
[WhiteElo "1721"]
[BlackElo "1625"]

1.d4 Nf6 2.Bg5 d5 3.Bxf6 gxf6 4.e3 e5 5.Qh5 Nc6 6.Bb5 exd4 7.exd4 Qe7+ 8.Ne2
Be6 9.Nbc3 O-O-O 10.O-O-O Rg8 11.Qf3 Bg4 12.Qd3 Bh6+ 13.Kb1 Nb4 14.Qg3 Bf5
15.Nxd5 Nxd5 16.Qf3 Qe4 17.Qb3 Qe7 18.a3 c6 19.Bc4 Be6 20.Ng3 Nb6 21.Bxe6+
Qxe6 22.Qd3 Bf8 23.Qxh7 Rg5 24.Rhe1 Qc4 25.Ne4 Rb5 26.Nd2 Rxb2+ 27.Kxb2 Na4+
28.Kb1 Nc3+ 29.Kb2 Bxa3+ 30.Kxa3 Qa2+ 31.Kb4 Nd5+ 32.Kc5 Qa3+ 33.Kc4 b5# 0-1

[Event "ch-GER Women 2017"]
[Site "Bad Wiessee GER"]
[Date "2017.04.05"]
[Round "6.6"]
[White "Hielscher,U"]
[Black "Jussupow,N"]
[Result "0-1"]
[WhiteElo "1796"]
[BlackElo "2161"]

1.d4 c5 2.e3 Nf6 3.c4 e6 4.Nc3 b6 5.Be2 Bb7 6.Bf3 d5 7.Nge2 Be7 8.O-O O-O
9.cxd5 Nxd5 10.Nxd5 Bxd5 11.Nc3 Bxf3 12.Qxf3 Nd7 13.Rd1 Qc8 14.d5 Bf6 15.Ne4
exd5 16.Rxd5 Qc7 17.Qg4 Ne5 18.Nxf6+ Kh8 19.Rxe5 Qxe5 20.Nd7 Qd5 21.Nxf8 Rxf8
22.e4 Qd4 23.Qe2 Re8 24.Be3 Qxe4 25.Qd1 f5 26.g3 h6 27.Qc1 g5 28.Qc3+ Kh7
29.Rd1 Re7 30.Qf6 f4 31.gxf4 Rg7 32.Kf1 Qc4+ 33.Ke1 Rf7 34.Rd7 Qb4+ 35.Qc3
Qxc3+ 36.bxc3 Rxd7 37.fxg5 hxg5 38.Bxg5 Kg6 39.Bd2 Kf5 40.h4 Kg4 41.Bg5 Rd3
42.Be3 Rxc3 43.Kd2 Ra3 44.Bg5 Rxa2+ 45.Kc3 Rxf2 46.Kc4 Rh2 {#R} 0-1

[Event "ch-GER Women 2017"]
[Site "Bad Wiessee GER"]
[Date "2017.04.05"]
[Round "6.9"]
[White "Henrichs,W"]
[Black "Arnhold,Steffi"]
[Result "1-0"]
[WhiteElo "1973"]
[BlackElo "1591"]

1.d4 Nf6 2.c4 c5 3.d5 b5 4.Qc2 d6 5.e4 bxc4 6.Bxc4 g6 7.Nf3 Nbd7 8.h3 Bg7
9.O-O O-O 10.Re1 Nb6 11.Bf1 e6 12.dxe6 Bxe6 13.Nc3 Rb8 14.Bg5 h6 15.Bf4 Rb7
16.Rad1 d5 17.Ba6 Re7 18.Qc1 g5 19.Bh2 d4 20.Ne5 Bd7 21.Nxd7 Rxd7 22.Nb5 c4
23.e5 Ne8 24.Na3 d3 25.Nxc4 Nxc4 26.Qxc4 Qa5 27.b4 Qb6 28.Rxd3 Rxd3 29.Qxd3
Qxb4 30.Qe4 Qa5 31.Bd3 f5 32.Bc4+ Kh8 33.Qe2 Nc7 34.f4 Rd8 35.fxg5 Rd2 36.Qf1
Qc5+ 37.Kh1 Rf2 38.Qd3 hxg5 39.Bg1 {#r} 1-0

[Event "ch-GER Women 2017"]
[Site "Bad Wiessee GER"]
[Date "2017.04.05"]
[Round "6.10"]
[White "Just,A"]
[Black "Roos,K"]
[Result "1-0"]
[WhiteElo "1971"]
[BlackElo "1836"]

1.e4 g6 2.d4 Bg7 3.Nc3 d6 4.f4 Nf6 5.Nf3 O-O 6.Bd3 Nc6 7.h3 e5 8.d5 Nb4 9.fxe5
Nxd3+ 10.cxd3 dxe5 11.Bg5 Qe8 12.Qd2 c6 13.dxc6 bxc6 14.O-O Ba6 15.Nh2 Qe6
16.Rf3 Nd7 17.Raf1 Rab8 18.Qf2 Nc5 19.Qxc5 Rb7 20.Ng4 Kh8 21.Bf6 Re8 22.Bxg7+
Kxg7 23.Rf6 Qe7 24.Rxf7+ Qxf7 25.Rxf7+ Kxf7 26.Qxc6 Rb6 27.Qd5+ {#r} 1-0

[Event "World Amateur U2300"]
[Site "Spoleto ITA"]
[Date "2017.04.05"]
[Round "6.1"]
[White "Ghannoum,M"]
[Black "AlHuwar,J"]
[Result "1-0"]
[WhiteElo "2234"]
[BlackElo "2260"]

1.e4 g6 2.d4 Bg7 3.Nc3 d6 4.f4 Nf6 5.Nf3 O-O 6.e5 dxe5 7.fxe5 Nd5 8.Bc4 Nxc3
9.bxc3 c5 10.O-O Qa5 11.Bd2 Nc6 12.Ng5 e6 13.Rb1 cxd4 14.cxd4 Qa4 15.Bd3 Qxd4+
16.Kh1 Qxe5 17.Qg4 h5 18.Qh3 Qd4 19.Nxf7 Rxf7 20.Rxf7 Kxf7 21.Rf1+ Kg8 22.Qg3
Ne5 23.Be3 Qg4 24.Qf2 Bd7 25.h3 Qa4 26.Qg3 Rf8 27.Rxf8+ Kxf8 28.Bxg6 Nxg6
29.Qxg6 Qxa2 30.Bc5+ Kg8 31.Bd4 Kf8 32.Qxg7+ Ke8 33.Bc5 Kd8 34.Bd6 Qb1+ 35.Kh2
Qf1 36.Qg5+ {#r} 1-0

[Event "World Amateur U2300"]
[Site "Spoleto ITA"]
[Date "2017.04.05"]
[Round "6.10"]
[White "Vasquez,O"]
[Black "Lam,Daniel King-wai"]
[Result "0-1"]
[WhiteElo "2041"]
[BlackElo "2202"]

1.b3 e5 2.Bb2 Nc6 3.e3 Nf6 4.Bb5 Bd6 5.Na3 Na5 6.Be2 a6 7.c3 O-O 8.b4 Nc6
9.Nc4 Be7 10.Nf3 e4 11.Nd4 Nxd4 12.exd4 d5 13.Ne3 Be6 14.d3 Bd6 15.O-O c6
16.Qb3 Qc7 17.h3 Qd7 18.Rfe1 Bxh3 19.gxh3 Qxh3 20.Nf1 Ng4 21.Bxg4 Qxg4+ 22.Kh1
f5 23.Qc2 Rf6 24.Bc1 Qf3+ 25.Kg1 Rg6+ 26.Ng3 Bxg3 {#R} 0-1

[Event "World Amateur U2300"]
[Site "Spoleto ITA"]
[Date "2017.04.05"]
[Round "6.12"]
[White "Marmili,G"]
[Black "Calandri,F"]
[Result "1-0"]
[WhiteElo "2190"]
[BlackElo "2107"]

1.Nf3 Nf6 2.g3 e6 3.c4 Be7 4.Bg2 O-O 5.O-O d5 6.d4 c6 7.Qc2 Nbd7 8.Rd1 b6 9.b3
Bb7 10.Nc3 Rc8 11.e4 h6 12.e5 Ne8 13.Bb2 Nc7 14.Qe2 c5 15.dxc5 Bxc5 16.Ne1 Ba6
17.Nd3 Bd4 18.Nb4 Bxe5 19.Nc6 Qf6 20.Nxd5 exd5 21.Nxe5 Nxe5 22.Bxe5 Rfe8 23.f4
Qe7 24.Qg4 f6 25.Bxc7 Rxc7 26.Bxd5+ Kh8 27.Qf3 b5 28.cxb5 Bxb5 29.Rd2 Qa3
30.Rad1 Rce7 31.Qc3 Re3 32.Qd4 Re1+ 33.Rxe1 Rxe1+ 34.Kg2 Qc1 35.Bf3 Bc6
36.Qd8+ Re8 37.Qd3 Bxf3+ 38.Kxf3 Qh1+ 39.Kg4 Qe1 40.Rc2 Qe6+ 41.f5 Qe1 42.Kh3
Kh7 43.Qf3 Re5 44.Rc7 a5 45.Qg4 Re7 46.Qg6+ {#r} 1-0

[Event "World Amateur U2300"]
[Site "Spoleto ITA"]
[Date "2017.04.05"]
[Round "6.16"]
[White "Levina,A"]
[Black "Cech,D"]
[Result "0-1"]
[WhiteElo "2059"]
[BlackElo "2172"]

1.e4 c5 2.c3 Nf6 3.e5 Nd5 4.d4 cxd4 5.cxd4 e6 6.Nf3 d6 7.Bc4 Nc6 8.O-O Be7
9.Qe2 O-O 10.Qe4 Bd7 11.exd6 Bxd6 12.Nc3 Nf6 13.Qh4 Nb4 14.Bg5 Be7 15.a3 Rc8
16.Bb3 Nbd5 17.Nxd5 exd5 18.Qf4 Be6 19.Rac1 Qb6 20.Qe3 h6 21.Bxf6 Bxf6 22.Qd3
g6 23.Ne5 Bf5 24.Qe3 Bxe5 25.dxe5 d4 26.Qf3 Rxc1 27.Rxc1 d3 28.Bd5 Qxb2 29.Rd1
Qxe5 30.g4 Bxg4 31.Bxf7+ Rxf7 32.Qxg4 Qe2 33.Qc8+ Kh7 34.Rf1 d2 35.Qc2 Re7
36.Qb3 Qg4+ 37.Kh1 Qe6 38.Qb5 Qc6+ 39.Qxc6 bxc6 40.Kg2 Re1 {#R} 0-1

[Event "World Amateur U2300"]
[Site "Spoleto ITA"]
[Date "2017.04.05"]
[Round "6.20"]
[White "Faraoni,E"]
[Black "Herrmann,Roman"]
[Result "1-0"]
[WhiteElo "2062"]
[BlackElo "2010"]

1.d4 d5 2.e4 c6 3.e5 c5 4.c4 cxd4 5.Qxd4 e6 6.cxd5 Qxd5 7.Qxd5 exd5 8.Nf3 Nc6
9.Nc3 Bg4 10.Bf4 Bb4 11.O-O-O Bxc3 12.bxc3 Nge7 13.h3 Bf5 14.Nh4 Be6 15.g4 Rc8
16.Kb2 O-O 17.Bd3 g6 18.Nf3 b5 19.Bg5 Rfe8 20.a3 Rb8 21.Rhe1 b4 22.cxb4 a5
23.b5 a4 24.Rc1 Na5 25.Nd4 Nc4+ 26.Bxc4 dxc4 27.Bxe7 Rxe7 28.Kc3 Bd5 29.f4
Rbe8 30.g5 Rb7 31.Red1 Rc8 32.Nf5 Bf3 33.Nd6 Bxd1 34.Nxb7 Bb3 35.Nd6 Rb8
36.Kb4 Kf8 37.Nxc4 {#r} 1-0

[Event "World Amateur U2300"]
[Site "Spoleto ITA"]
[Date "2017.04.05"]
[Round "6.22"]
[White "Verrascina,R"]
[Black "Petruccioli,A"]
[Result "1-0"]
[WhiteElo "2190"]
[BlackElo "1986"]

1.d4 c5 2.d5 g6 3.c4 Bg7 4.e4 d6 5.f4 Nf6 6.Nc3 O-O 7.Nf3 Bg4 8.Bd3 Na6 9.O-O
Rb8 10.Bd2 Nc7 11.h3 Bd7 12.a4 e6 13.Qe2 Nh5 14.Kh2 e5 15.fxe5 dxe5 16.g3 Qc8
17.Ng1 b6 18.Qf2 Ne8 19.g4 Nhf6 20.Be2 Nd6 21.Qf3 h5 22.gxh5 Nxh5 23.Qg2 Nf4
24.Rxf4 exf4 25.Bxf4 Ne8 26.Qg3 Rb7 27.Rf1 Bxc3 28.bxc3 Bxa4 29.Nf3 f6 30.e5
Bc2 31.e6 Ng7 32.Nd2 g5 33.Bd6 Nf5 34.Rxf5 Bxf5 35.Bg4 Bxg4 36.Qxg4 Rg7 37.Qf5
a5 38.Ne4 Qe8 39.Bxf8 Qxf8 40.d6 a4 41.Nxf6+ Kh8 42.Qe5 Re7 43.dxe7 Qxe7
44.Nd5+ Qg7 45.Qe2 g4 46.e7 {#r} 1-0

[Event "World Amateur U2300"]
[Site "Spoleto ITA"]
[Date "2017.04.05"]
[Round "6.23"]
[White "Grasso,Gae"]
[Black "Lujan,Nelson"]
[Result "1-0"]
[WhiteElo "2201"]
[BlackElo "2012"]

1.e4 c6 2.Nc3 d5 3.Nf3 e6 4.d4 Nf6 5.e5 Nfd7 6.Bg5 Be7 7.h4 a6 8.Ne2 c5 9.c3
cxd4 10.Nexd4 Nc6 11.Qa4 Nc5 12.Qc2 f6 13.exf6 gxf6 14.Bh6 e5 15.Nxc6 bxc6
16.Bg7 Rg8 17.Qxh7 Be6 18.Bh6 Ne4 19.Bd3 Nd6 20.Bg6+ Kd7 21.Bg7 Kc8 22.h5 Ra7
23.Bxf6 Rb7 24.Bxe7 Rxe7 25.Qh6 Bd7 26.O-O-O Nc4 27.Nd2 Nd6 28.Rhe1 Re6 29.Qe3
Qa5 30.Kb1 Qb5 31.Qa7 Rg7 32.Nb3 Rf6 33.Ka1 Nc4 34.f3 Rf4 35.Qc5 Qb7 36.Rxd5
Be6 37.Rdxe5 Nxe5 38.Qxe5 {#r} 1-0

[Event "World Amateur U2300"]
[Site "Spoleto ITA"]
[Date "2017.04.05"]
[Round "6.26"]
[White "Lopez,Jorge Hernan"]
[Black "Tolibayev,Timur"]
[Result "0-1"]
[WhiteElo "1962"]
[BlackElo "2053"]

1.d4 d5 2.Nf3 Nf6 3.Bf4 c5 4.e3 Nc6 5.c3 e6 6.Bd3 Bd6 7.Bg3 O-O 8.Nbd2 b6
9.Ne5 Bb7 10.f4 Ne7 11.Bh4 Ne4 12.Bxe4 dxe4 13.Qc2 cxd4 14.exd4 f6 15.Nec4
Bxf4 16.O-O Qc7 17.Rxf4 Qxf4 18.Bg3 Qg5 19.Nd6 e3 20.Nxb7 exd2 21.Nd6 Nf5
22.Ne4 Qg6 23.Qxd2 Nxg3 24.Nxg3 Rad8 25.Qe2 Rfe8 26.Rd1 Qf7 27.c4 Rd7 28.Qg4
Red8 29.b3 Kh8 30.Qe4 Rd6 31.Ne2 g6 32.Rd3 Kg7 33.Rh3 Kg8 34.Rf3 Qe7 35.Qh4
Rf8 36.Rh3 Rf7 37.Rd3 Qd7 38.Nc3 Qd8 39.Nb5 Rdd7 40.Qe4 Rfe7 41.Qh4 Re8 42.Nc3
Kg7 43.Rh3 h5 44.Ne2 f5 45.Qg3 Kh6 46.Nf4 Qg5 47.Qf2 e5 48.Nd5 exd4 49.Rf3
Qc1+ 50.Qf1 Re1 {#R} 0-1

[Event "World Amateur U2300"]
[Site "Spoleto ITA"]
[Date "2017.04.05"]
[Round "6.29"]
[White "Ehab,Mo"]
[Black "Nicolo,F"]
[Result "1-0"]
[WhiteElo "2024"]
[BlackElo "2064"]

1.d4 f5 2.c4 Nf6 3.g3 d6 4.Nf3 g6 5.Bg2 Bg7 6.O-O O-O 7.Nc3 Nc6 8.d5 Ne5
9.Nxe5 dxe5 10.c5 Kh8 11.Qb3 h6 12.Rd1 Rb8 13.Bd2 g5 14.Be1 f4 15.d6 exd6
16.cxd6 cxd6 17.Nb5 d5 18.Bb4 fxg3 19.hxg3 Be6 20.Bxf8 Bxf8 21.e4 Bg4 22.Bf3
Qe8 23.Bxg4 Nxg4 24.Rxd5 Qh5 25.Qf3 Qh2+ 26.Kf1 Bg7 27.Rad1 {#r} 1-0

[Event "World Amateur U2300"]
[Site "Spoleto ITA"]
[Date "2017.04.05"]
[Round "6.30"]
[White "Rivola,F"]
[Black "Conti,J"]
[Result "0-1"]
[WhiteElo "1913"]
[BlackElo "2037"]

1.d4 d5 2.Nf3 Nf6 3.g3 e6 4.Bg2 Be7 5.O-O O-O 6.Nbd2 Nbd7 7.c4 c6 8.Qc2 b6
9.Ne5 Nxe5 10.dxe5 Nd7 11.f4 Bb7 12.b3 a5 13.Bb2 a4 14.Nf3 b5 15.cxd5 cxd5
16.Bd4 Qa5 17.Rfc1 Rfc8 18.Qd3 Nc5 19.Qe3 Ne4 20.Bh3 g6 21.g4 Ba3 22.Rxc8+
Rxc8 23.f5 Rc2 24.f6 Bf8 25.Ne1 Rxa2 26.Rxa2 Qxe1+ 27.Bf1 a3 28.Rc2 b4 29.Rc7
Ba6 30.Rc6 Nd2 31.Qh3 Bxe2 32.Bf2 Nf3+ 33.Kh1 Qxf2 {#R} 0-1

[Event "World Amateur U2300"]
[Site "Spoleto ITA"]
[Date "2017.04.05"]
[Round "6.31"]
[White "De Weird,Matthias"]
[Black "Hewson,Brian W R"]
[Result "0-1"]
[WhiteElo "1952"]
[BlackElo "2060"]

1.e4 c6 2.d4 d5 3.Nc3 dxe4 4.Nxe4 Nd7 5.Nf3 Ngf6 6.Bd3 Nxe4 7.Bxe4 Nf6 8.Bd3
Bg4 9.c3 e6 10.Be3 Qc7 11.Qc2 Bxf3 12.gxf3 Bd6 13.h3 Bf4 14.O-O-O O-O-O 15.Kb1
Kb8 16.Qc1 Nh5 17.Rhg1 g6 18.Rg4 Bd6 19.Re1 Rhe8 20.Bd2 f5 21.Rgg1 Bf4 22.Bc2
Bxd2 23.Qxd2 e5 24.Bb3 exd4 25.Rxe8 Rxe8 26.Qxd4 Qe5 27.Qd7 Nf6 28.Qf7 Qe7
29.Qc4 Rd8 30.Qf4+ Qd6 31.Qg5 Qe5 32.f4 Qe7 33.Qh4 Rd6 34.f3 Qe3 35.Re1 Qxf3
36.Qh6 Ne4 37.Qf8+ Kc7 38.Qg7+ Kb6 39.Qe5 Rd2 40.Ka1 Qf2 41.Rc1 Nc5 42.Rb1
Nxb3+ 43.axb3 Rd5 {#R} 0-1

[Event "11th ch-SRB w 2017"]
[Site "Zemun SRB"]
[Date "2017.04.05"]
[Round "8.1"]
[White "Nestorovic,Katarina"]
[Black "Gajcin,Marina"]
[Result "0-1"]
[WhiteElo "2046"]
[BlackElo "2203"]

1.e4 c5 2.Nf3 Nc6 3.d4 cxd4 4.Nxd4 e5 5.Nb5 d6 6.N1c3 a6 7.Na3 Be7 8.Nd5 Nf6
9.Nxf6+ Bxf6 10.Nc4 O-O 11.Nxd6 Be6 12.c3 Qc7 13.Nf5 Bxf5 14.exf5 e4 15.Qg4
Ne7 16.Bd2 Rad8 17.O-O-O Qe5 18.Re1 Qd5 19.Bg5 Bxg5+ 20.Qxg5 Qxa2 21.Bc4 Qxc4
22.Qxe7 Rfe8 23.Qg5 f6 24.Qh5 Re5 25.Re3 Ra5 26.Kb1 Qa2+ 27.Kc2 Rd2+ {#R} 0-1

[Event "11th ch-SRB w 2017"]
[Site "Zemun SRB"]
[Date "2017.04.05"]
[Round "8.3"]
[White "Kovacevic,Radmila"]
[Black "Chelushkina,I"]
[Result "0-1"]
[WhiteElo "2170"]
[BlackElo "2235"]

1.e4 g6 2.d4 Bg7 3.c3 c6 4.h4 h6 5.Bd3 d5 6.Nf3 dxe4 7.Bxe4 Nf6 8.Bd3 Be6
9.Ne5 Nbd7 10.Bf4 Nd5 11.Bg3 Nxe5 12.dxe5 Qd7 13.Be4 O-O-O 14.Qd4 Nb6 15.Qxd7+
Nxd7 16.f4 Nc5 17.Bc2 Nd3+ 18.Bxd3 Rxd3 19.Bf2 Rhd8 20.Na3 Rd2 21.b3 b6 22.O-O
f6 23.Bd4 fxe5 24.fxe5 c5 25.Be3 R2d3 26.Bf4 Rxc3 27.Nb5 Rc2 28.Rf2 Rxf2
29.Kxf2 a6 30.Nc3 g5 31.hxg5 hxg5 32.Bh2 Rd2+ 33.Ke3 Rxg2 34.Rh1 Kd7 35.Rd1+
Kc6 36.Rd2 Rxd2 37.Kxd2 Bh6 38.Ke3 Bf5 39.Bg3 b5 40.Bh2 b4 41.Ne2 Bb1 42.Kd2
Kd5 43.Kc1 Bd3 44.Kd2 Bxe2 45.Kxe2 Bg7 {#R} 0-1